| 000 | 00577nam a2200205 a 4500 | ||
|---|---|---|---|
| 999 |
_c646 _d646 |
||
| 008 | 191001r20092012ii ||||g |||| 00| 0aeng d | ||
| 020 |
_a9788184950519 _cRs. 395.00 |
||
| 040 |
_aKO _beng |
||
| 041 | 0 | _aguj | |
| 044 | _aii | ||
| 082 | 0 | 4 |
_223 _a954.035092 _bG151 |
| 100 | 1 | _aGandhi, M. K. | |
| 245 | 1 | 0 |
_aMy Experiments With Truth : _bAn Autobiography / _cM. K. Gandhi ; Translated by Mahadevi Desai |
| 260 |
_aMumbai : _bJaico Publishing House, _c2009, reprint 2012 |
||
| 300 |
_axv, 491 p. ; _c21.5 cm. |
||
| 600 | 1 | _aGandhi | |
| 904 | _aS_JOY | ||
| 942 | _cBK | ||